000 00830nam a22002657i 4500
005 20210818182341.0
008 200116s2017 sp gr 000 0dspa d
020 _a9788417002596
040 _aCOMFC
_bspa
_erda
041 _aspa
100 1 _955604
_aNadal, Jordi
_eaut
245 1 0 _aLibroterapia
_bleer es vida
_cJordi Nadal ; prólogo de Xavier Coll
250 _aPrimera edición
264 0 1 _aBarcelona
_bPlataforma editorial
_c2017
300 _a95 páginas
_c20 cm
336 _2rdacontent
_atxt
337 _2rdamedia
_an
338 _2rdacarrier
_anc
490 _955473
_aPlataforma Actual
500 _aContiene datos biográficos del autor
700 1 _955605
_aColl, Xavier
082 0 4 _a028
_bN127l
650 0 _920995
_aLibros
_vTerapia
942 _2ddc
_h028 N127l
_k028
_mN127l
999 _c15776
_d15776